000 00383nam a2200193Ia 4500
001 003802
003 YMCAF
005 20230512160234.0
008 100717s1971 ||||||||||||||||| ||und|d
024 _a3802
035 _a3807
040 _aYMCAF
_beng
_cIN-KoLT
041 _aeng
100 _aKapoor
245 0 _aDesk work
260 _c1971
300 _a46
942 _2ddc
_cBK
999 _c3009
_d3009